| 000 | 00488nam a2200133Ia 4500 | ||
|---|---|---|---|
| 008 | 200226s9999 xx 000 0 und d | ||
| 020 | _a978-1-63549-625-3 | ||
| 245 |
_cEdited by: Xander Posner.-- _aManagement for spas / |
||
| 260 |
_aNew York : _bLarsen & Keller _c2017 |
||
| 300 |
_avi , 244 pages : _bcolor illustration ; _c27 cm. |
||
| 500 | _aIncludes bibliographical references and index. | ||
| 650 | _aHealth resort -- management. | ||
| 650 | _aPhysical fitness centers -- management. | ||
| 999 |
_c362981 _d362981 |
||